Fundamentals of Transistors (Record no. 195029)

000 -LEADER
fixed length control field 00682 a2200169 4500
003 - CONTROL NUMBER IDENTIFIER
control field Nust
005 - DATE AND TIME OF LATEST TRANSACTION
control field 20170207154214.0
040 ## - CATALOGING SOURCE
Transcribing agency Nust
082 ## - DEWEY DECIMAL CLASSIFICATION NUMBER
Classification number 621.385
100 ## - MAIN ENTRY--PERSONAL NAME
Personal name Leonard M. Krugman
245 ## - TITLE STATEMENT
Title Fundamentals of Transistors
Statement of responsibility, etc. Leonard M. Krugman
250 ## - EDITION STATEMENT
Edition statement 2nd ed
260 ## - PUBLICATION, DISTRIBUTION, ETC.
Place of publication, distribution, etc. New York
Name of publisher, distributor, etc. John F. Rider
Date of publication, distribution, etc. 1958
300 ## - PHYSICAL DESCRIPTION
Extent 168p;
505 ## - FORMATTED CONTENTS NOTE
Formatted contents note Basic Semi Conductor Physics (Page-1) Transistor and Their Operation (Page-9) The Grounded Base Transistor (page-25) The Grounded Emitter and Grounded Collector Transistor (Page-51) Transistor Amplifiers (Page-80)Transistor Oscillators (page-112) Transistor at High Frequencies (page-142)
538 ## - SYSTEM DETAILS NOTE
System details note Almirah No.134 Shelf No.1
942 ## - ADDED ENTRY ELEMENTS (KOHA)
Source of classification or shelving scheme
Koha item type Book
Holdings
Withdrawn status Lost status Source of classification or shelving scheme Damaged status Not for loan Collection code Permanent Location Current Location Date acquired Total Checkouts Full call number Barcode Date last seen Price effective from Koha item type
            Military College of Signals (MCS) Military College of Signals (MCS) 12/12/2016   621.385 KRV MCS36639 12/08/2016 12/12/2016 Book
© 2023 Central Library, National University of Sciences and Technology. All Rights Reserved.